Normal view
MARC view
- Reed, Todd Randall
Entry Personal Name
001 - CONTROL NUMBER
- control field: 96546
003 - CONTROL NUMBER IDENTIFIER
- control field: NUST
005 - DATE AND TIME OF LATEST TRANSACTION
- control field: 20220804140903.0
008 - FIXED-LENGTH DATA ELEMENTS
- fixed length control field: 220804|| aca||aabn | a|a d
040 ## - CATALOGING SOURCE
- Original cataloging agency: NUST
- Transcribing agency: NUST
100 ## - HEADING--PERSONAL NAME
- Personal name: Reed, Todd Randall
670 ## - SOURCE DATA FOUND
- Source citation: Work cat.: (NUST)175574: Digital image sequence processing, compression, and analysis /, c2005.
